Most Premier League Goals in a Calendar Year Quiz Stats

 Plays Quiz Updated Aug 17, 2017

Challenge
Share
Tweet
Embed
Score 0/24 Timer 05:00
7 Plays Today
Year Player % Correct
2009Wayne Rooney
89.9%
2000Thierry Henry
86.5%
2004Thierry Henry
86.4%
2006Thierry Henry
86.4%
2015Harry Kane
86.4%
1994Alan Shearer
86.2%
1995Alan Shearer
86.2%
1996Alan Shearer
86.2%
2002Alan Shearer
86.2%
2014Sergio Agüero
83.2%
2011Robin Van Persie
83.1%
2012Robin Van Persie
83.1%
Year Player % Correct
2008Cristiano Ronaldo
77.4%
2013Luis Suarez
76.4%
1999Andy Cole
74.9%
2003Ruud Van Nistelrooy
68%
1998Michael Owen
65.7%
2005Frank Lampard
61%
1993Teddy Sheringham
55.2%
2010Carlos Tevez
49.3%
1997Dennis Bergkamp
49.1%
1997Ian Wright
42.7%
2001Jimmy Floyd Hasselbaink
32.9%
2007Robbie Keane
28.7%

You're not logged in!

Compare scores with friends on all Sporcle quizzes.
OR
Log In

You Might Also Like...

Show Comments

Extras

Top Quizzes Today


Score Distribution

Your Account Isn't Verified!

In order to create a playlist on Sporcle, you need to verify the email address you used during registration. Go to your Sporcle Settings to finish the process.

Report this User

Report this user for behavior that violates our Community Guidelines.

Details: